00406nam a2200181Ia 4500008004100000020001400041050001400055100001800069245002000087245001800107260001500125260001600140260000900156300001400165300002700179300001000206500000800216170918s9999 xx 000 0 und d a590440179 bH513 1988 aHenkes, Kevin aChester's way / cKevin Henkes. aNew York : bScholastic, c1988 aunpaged : bcolored illustration ; c23cm. a570